000 00598cam a2200229 4500
001 J2489
008 090401t1994 xxu||||| |||| 00| 0 eng d
035 _a(Sirsi) u49333
041 _aeng
050 _a333.70212
110 _aUnited Kingdom
_bDepartment of the Environment
_9982
245 _aLand use change in England no. 9.
260 _aLondon
_bDepartment of the Environment
_c1994
300 _aii,28p. ; 30cm.
350 _a4
490 _aStatistical Bulletin
_v(94)1
650 _aLand use
_96251
650 _aSTATISTICS
690 _aLAND
942 _n0
948 _c04/03/1997
999 _c92550
_d92550